| 000 | 00397nam a22001577a 4500 | ||
|---|---|---|---|
| 005 | 20231206105316.0 | ||
| 008 | 231206b |||||||| |||| 00| 0 eng d | ||
| 020 | _a978-969-8983-52-9 | ||
| 082 |
_a503.21 _bNOM |
||
| 100 | _aNoman Tariq | ||
| 245 | _aTaleemi Encyclopedia | ||
| 260 |
_aLahore _bMetro Printers Lahore _c2012 |
||
| 300 | _a200 | ||
| 650 | _aEngineering/Encyclopedia | ||
| 999 |
_c34791 _d34791 |
||